Statystyki dla Wszystkie utwory z albumu Sentino - ,,Zabójstwo Liryczne 3"

Kliknij tutaj aby rozwiązać quiz!

Ogólne statystyki

  • Ten quiz został rozwiązany 22 razy
  • Średni wynik to 10 z 13

Statystyki odpowiedzi

Nr.Nazwa% Poprawnych
3.Pistolet
95%
13.Tabu
89%
2.Czarna chmura
84%
10.Parę Kulek
84%
1.Tatuażyk
84%
6.Zapytaj O Mnie
84%
12.Onassis
79%
8.Skąd Ty To Znasz
74%
5.Oni albo ja
68%
9.Fame
63%
7.II Duce
63%
11.R.I.P.
58%
4.Legenda
47%

Rozkład punktacji

Percentyl według liczby udzielonych odpowiedzi

Procent ludzi z każdym wynikiem

Twoja historia wyników

Nie rozwiązałeś tego quizu